- Rojas Rangel, Teresa de Jesús
Entry Nombre Personal
001 - NUMERO DE CONTROL
- campo de control: 31856
003 - IDENTIFICADOR DE NUMERO DE CONTROL
- campo de control: UPN
005 - FECHA Y HORA DE LA ÜLTIMA TRANSACCIÓN
- campo de control: 20230529133727.0
008 - DATOS DE LONGITUD FIJA
- campo de control de longitud fija: nabaccnnaabn|||||||||| b |nc|||||d
035 ## - NUMERO DE CONTROL
- Número de control: UPN11000003962
040 ## - FUENTE DE CATALOGACIÓN
- Lenguaje de catalogación: SPA
- Agencia de transcripción: UPN
- Agencia original de catalogación: MX-MxUPN
100 1# - ENCABEZAMIENTO - NOMBRE PERSONAL
- Nombre personal: Rojas Rangel, Teresa de Jesús
370 ## - LUGAR ASOCIADO
- Associated country: México
372 ## - CAMPO DE ACTIVIDAD
- Field of activity: Educación de la infancia jornalera
- Field of activity: Niños jornaleros migrantes--Educación
- Field of activity: Problemática social de los jornaleros agrícolas migrantes
373 ## - GRUPO ASOCIADO
- Associated group: Universidad Pedagógica Nacional (México)
- Associated group: Sistema Nacional de Investigadores (México)
374 ## - OCUPACIÓN
- Occupation: Profesora universitaria
- Occupation: Investigadora
377 ## - LENGUA ASOCIADA
- Language code: spa
400 1# - VEÁSE - NOMBRE DE PERSONA
- Personal name: Rojas Rangel, Teresa de J.
400 1# - VEÁSE - NOMBRE DE PERSONA
- Personal name: Rangel, Teresa de J. Rojas
400 1# - VEÁSE - NOMBRE DE PERSONA
- Personal name: Rojas, T.
- Fuller form of name: (Teresa de Jesús Rojas Rangel)
400 0# - VEÁSE - NOMBRE DE PERSONA
- Personal name: Teresa de Jesús Rojas Rangel
670 ## - FUENTE EN LA QUE SE LOCALIZARON DATOS
- Cita de la fuente: T
- Uniform Resource Identifier: http://www.upn.mx/index.php?option=com_content&view=article&id=341&Itemid=260
670 ## - FUENTE EN LA QUE SE LOCALIZARON DATOS
- Cita de la fuente: En su obra: Inequidades, 2011: |
- Uniform Resource Identifier: portada (Teresa de J. Rojas Rangel) reverso de la portada, etc. (CIP data: Rojas Rangel, Teresa de Jesús; bib. refs.: Rojas, T.)
670 ## - FUENTE EN LA QUE SE LOCALIZARON DATOS
- Cita de la fuente: En su obra: La iglesia ante el aborto: posicionamientos de sacerdotes católicos en la Ciudad de México, 2018:
- Uniform Resource Identifier: portada (Teresa de Jesús Rojas Rangel)
670 ## - FUENTE EN LA QUE SE LOCALIZARON DATOS
- Cita de la fuente: En su obra: Jornaleros agrícolas migrantes: los invisibilizados, 2013:
- Uniform Resource Identifier: portada (Teresa de Jesús Rojas Rangel) solapa delantera (Teresa de Jesús Rojas Rangel es doctora en Ciencias Sociales y Políticas por la UIA, maestra en Planeación y Desarrollo Educativo por la UAM-X y profesora investigadora de tiempo completo en la UPN. Es miembro del Sistema Nacional de Investigadores del Conacyt (Nivel I). Coordinó a escala nacional la Evaluación Externa del Programa de Educación Primaria para Niñas y Niños Migrantes, SEP-UPN (2002-2005) y ha realizado diversas investigaciones regionales en torno a la educación de la infancia jornalera. Es autora del libro Inequidades. La educación primaria para niñas y niños jornaleros migrantes (2011), y de múltiples capítulos en libros y artículos relacionados con la problemática social de los jornaleros agrícolas migrantes)
680 ## - NOTA PUBLICA DE ACCESO PÚBLICO
- Frase explicativa de la referencia: Doctora en Ciencias Sociales y Políticas
902 ## - CATALOGADOR
- Catalogador: CAA/170212
902 ## - CATALOGADOR
- Catalogador: NDAF/290523
